[Event "ICS rated blitz match"]
[Site "204.178.125.65"]
[Date "2000.10.16"]
[Round "?"]
[White "Hossa"]
[Black "QueenMaxima"]
[Result "0-1"]
[WhiteElo "2491"]
[BlackElo "2484"]
[PlyCount "166"]
[EventDate "2000.??.??"]

1. e4 c5 2. Nf3 e6 3. b3 d6 4. Bb2 Nc6 5. Bb5 Bd7 6. O-O Nf6 7. Nc3 Be7 8. d3
a6 9. Bxc6 Bxc6 10. e5 Ng4 11. Ne4 O-O 12. exd6 Bxd6 13. h3 Nh6 14. Ne5 Bxe5
15. Bxe5 f5 16. Nd2 Nf7 17. Bf4 Qd4 18. Be3 Qd5 19. f3 e5 20. Nc4 Rad8 21. Qe2
f4 22. Bf2 b5 23. Nd2 Qd6 24. Ne4 Bxe4 25. fxe4 Rd7 26. a4 b4 27. a5 Nh8 28.
Qf3 Ng6 29. Ra2 Rfd8 30. h4 Kh8 31. h5 Ne7 32. Qg4 Ng8 33. Raa1 Rf7 34. Rac1
Rff8 35. Rcd1 Qe7 36. Bh4 Nf6 37. Qf5 Qd6 38. h6 gxh6 39. Rb1 Rd7 40. Bxf6+
Rxf6 41. Qh5 Rg7 42. Rf2 Rg5 43. Qd1 Qd4 44. Kf1 Rfg6 45. Qe2 Rg3 46. Re1 Qd8
47. Qh5 R3g5 48. Qh3 Qxa5 49. Qc8+ Rg8 50. Qe6 Qc7 51. Ree2 R5g6 52. Qh3 Qd6
53. Rd2 Rg3 54. Qh5 Qd4 55. Rde2 R3g6 56. Re1 a5 57. Rd1 a4 58. bxa4 Ra8 59.
Qf5 Rga6 60. Qf7 Qc3 61. Kg1 h5 62. Qxh5 Qd4 63. Qf7 Qd8 64. Rdf1 Rxa4 65. Qe6
Qc7 66. Qf6+ Qg7 67. Qd6 R4a5 68. Rf3 R5a6 69. Qxc5 Rg6 70. Rh3 Rxg2+ 71. Kh1
Rg8 72. Rh5 Rg3 73. Rh2 f3 74. Qe3 Rg2 75. Rh4 f2 76. Qf3 Rg1+ 77. Kh2 Rxf1 78.
Rg4 Qxg4 79. Qf6+ Qg7 80. Qxg7+ Rxg7 81. c3 Rh1+ 82. Kxh1 f1=Q+ 83. Kh2 Qg2# {
Hossa checkmated} 0-1

[Event "ICS rated blitz match"]
[Site "204.178.125.65"]
[Date "2000.10.16"]
[Round "?"]
[White "QueenMaxima"]
[Black "Hossa"]
[Result "1-0"]
[WhiteElo "2500"]
[BlackElo "2475"]
[Annotator "Fritz 6 (60s)"]
[PlyCount "53"]
[EventDate "2000.??.??"]

1. d3 {A00: Unregelmaessige Eroeffnungen} 1... e5 2. c4 Bc5 3. Nf3 Nc6 4. Nc3
d6 5. g3 Nf6 6. Bg2 O-O 7. O-O a6 {Sichert b5} 8. Bg5 Bf5 9. Nd5 Bg4 10. Nxf6+
gxf6 11. Bh6 Re8 12. h3 Bf5 13. e3 {Kontrolliert d4} 13... Qd7 14. Kh2 Nb4 15.
d4 Bb6 16. Qd2 Qa4 17. b3 Qa3 18. Nh4 Bd3 19. Qd1 Rab8 $4 {
und es geht weiter bergab} (19... exd4 $142 20. Qf3 f5 21. Nxf5 Bxf5 22. Qxf5
Re6 $16) 20. e4 Kh8 (20... f5 21. exf5 Bxf5 22. Nxf5 Re6 23. Qg4+ Rg6 24. Ne7+
Kh8 25. Nxg6+ fxg6 26. Qe6 Nd5 27. Bxd5 Rf8 28. Bxf8 Bxd4 29. Qg8#) 21. Qg4 Rg8
22. Qf5 Nd5 (22... Rbe8 {aendert nichts mehr} 23. Qxf6+ Rg7 24. Qxg7#) 23. cxd5
Rg7 24. Qxf6 Rbg8 25. Nf5 Bxf1 26. Bxg7+ Rxg7 27. Qxg7# 1-0

[Event "ICS rated blitz match"]
[Site "204.178.125.65"]
[Date "2000.10.16"]
[Round "?"]
[White "Hossa"]
[Black "Zippy"]
[Result "0-1"]
[WhiteElo "2463"]
[BlackElo "2402"]
[PlyCount "156"]
[EventDate "2000.??.??"]

1. e4 c5 2. Nf3 Nc6 3. d4 cxd4 4. Nxd4 g6 5. Nc3 Bg7 6. Be3 Qa5 7. Qd2 Nf6 8.
Nb3 Qc7 9. Nd5 Qd8 10. Nxf6+ Bxf6 11. c3 d6 12. Bh6 Bd7 13. Be2 Rc8 14. O-O Rg8
15. Qd5 Be5 16. f4 Qb6+ 17. Rf2 Bf6 18. Bf3 Be6 19. Qd1 Rc7 20. Nc1 g5 21. f5
Bc4 22. Be2 Ne5 23. Nb3 Qe3 24. Nd4 Bxe2 25. Qxe2 Qxe2 26. Rxe2 Ng4 27. Nb5 Rc5
28. Nxa7 Be5 29. h3 Nxh6 30. a4 g4 31. h4 d5 32. Rf1 Bc7 33. Nb5 Bb6 34. Nd4
dxe4 35. f6 e5 36. Nc2 Rxc3+ 37. Kh1 Rc4 38. b3 Rc3 39. Ne1 e3 40. b4 Bd4 41.
Kh2 g3+ 42. Kh3 Ng4 43. Kxg3 Nxf6+ 44. Kh2 Nh5 45. Rc2 Rxc2 46. Nxc2 e2 47. Re1
Nf4 48. g3 Bf2 49. gxf4 Bxe1 50. Nxe1 exf4 51. b5 f5 52. a5 Ke7 53. a6 bxa6 54.
bxa6 Kd7 55. a7 Kd6 56. Nf3 Kd5 57. a8=Q+ Rxa8 58. Kg1 Ra3 59. Ne1 Rh3 60. Kf2
Rh2+ 61. Kf3 Ke5 62. h5 Kd4 63. h6 Kc3 64. Kxf4 Rh1 65. Nf3 Rh3 66. Ne1 Kd2 67.
Ng2 Rh2 68. Ne3 Rf2+ 69. Kg5 Kxe3 70. Kf6 f4 71. Kf7 Rg2 72. Ke6 f3 73. Kd5
e1=Q 74. Kc5 Qc3+ 75. Kd6 f2 76. Kd5 f1=Q 77. Kd6 Rd2+ 78. Ke6 Qff6# {
Hossa checkmated} 0-1

[Event "ICS Rated blitz match"]
[Site "204.178.125.65"]
[Date "2000.10.17"]
[Round "?"]
[White "Hossa"]
[Black "QueenMaxima"]
[Result "0-1"]
[WhiteElo "2413"]
[BlackElo "2618"]
[PlyCount "128"]
[EventDate "2000.??.??"]

1. e4 c5 2. c3 e6 3. d4 d5 4. e5 Nc6 5. Nf3 Bd7 6. Be2 Nge7 7. O-O Nf5 8. dxc5
Bxc5 9. Nbd2 Bb6 10. Bd3 O-O 11. Nb3 Be8 12. Bg5 Qd7 13. Qe2 Rc8 14. Rfd1 Nfe7
15. Be3 Bxe3 16. Qxe3 Ng6 17. Ng5 Qe7 18. Bxg6 fxg6 19. Qg3 Kh8 20. f4 Rf5 21.
Qh4 h6 22. g3 Kg8 23. Nh3 Qxh4 24. gxh4 Rh5 25. Nf2 Rxh4 26. Nd3 g5 27. Nbc5
Bh5 28. Rd2 gxf4 29. Nxe6 g5 30. Re1 b6 31. b3 f3 32. Nf2 Bf7 33. Nd4 Nxd4 34.
cxd4 Kf8 35. Nd1 Ke7 36. Ne3 Ke6 37. Rf1 Bh5 38. Re1 Rc3 39. Nf1 Bg6 40. Ne3 a6
41. Rf2 Rf4 42. h3 Bh5 43. Rd2 Rh4 44. Rh2 Rxd4 45. Kf1 Re4 46. Ng4 Bxg4 47.
hxg4 Kxe5 48. Rxh6 Rxe1+ 49. Kxe1 d4 50. Kf2 Kf4 51. Rxb6 Rc2+ 52. Ke1 f2+ 53.
Kd1 f1=Q+ 54. Kxc2 Qe2+ 55. Kb1 Qe1+ 56. Kb2 Qc3+ 57. Ka3 Qa5+ 58. Kb2 Qxb6 59.
a4 Qc7 60. Ka2 Qc3 61. a5 d3 62. Ka3 d2 63. Ka2 d1=N 64. Kb1 Qb2# {
Hossa checkmated} 0-1

[Event "ICS rated blitz match"]
[Site "204.178.125.65"]
[Date "2000.10.17"]
[Round "?"]
[White "Parn"]
[Black "Hossa"]
[Result "1/2-1/2"]
[WhiteElo "1997"]
[BlackElo "2405"]
[PlyCount "65"]
[EventDate "2000.??.??"]

1. d4 c6 2. c4 Nf6 3. Nf3 d5 4. Nbd2 Bf5 5. g3 Qa5 6. Qb3 Na6 7. Bg2 Nb4 8. O-O
b5 9. cxd5 cxd5 10. Nh4 Nc2 11. Rb1 Nxd4 12. Qe3 Bxb1 13. Qxd4 Bxa2 14. e4 Qa4
15. Qc5 Kd8 16. exd5 Rc8 17. Qe3 Bxd5 18. b3 Qa1 19. Bxd5 Nxd5 20. Qg5 Nc3 21.
Ndf3 Ne2+ 22. Kg2 Rxc1 23. Rxc1 Nxc1 24. Qd5+ Kc7 25. Qc5+ Kb8 26. Qxb5+ Kc7
27. Qc5+ Kd8 28. Qd5+ Kc8 29. Qc6+ Kd8 30. Qd5+ Kc8 31. Qc6+ Kd8 32. Qd5+ Kc8
33. Qc6+ {Game drawn by repetition} 1/2-1/2

[Event "ICS Rated standard match"]
[Site "204.178.125.65"]
[Date "2000.10.17"]
[Round "?"]
[White "alkhateeb"]
[Black "Hossa"]
[Result "0-1"]
[WhiteElo "2216"]
[BlackElo "2371"]
[PlyCount "74"]
[EventDate "2000.??.??"]

1. d4 c6 2. Nf3 d5 3. Bf4 e6 4. e3 c5 5. Nbd2 Qb6 6. Rb1 cxd4 7. exd4 Nf6 8.
Bd3 Nh5 9. Bg3 Nxg3 10. hxg3 Nc6 11. c3 Bd6 12. Qe2 Bd7 13. Ne5 Nxe5 14. dxe5
Be7 15. f4 h6 16. Nb3 O-O-O 17. Nd4 Bc5 18. Qf2 Kb8 19. b4 Be7 20. Kd2 Rc8 21.
Rhc1 Rhg8 22. Ra1 f6 23. exf6 gxf6 24. Ke1 Rg7 25. a4 Rcg8 26. a5 Qc7 27. Ne2
e5 28. fxe5 fxe5 29. b5 e4 30. b6 axb6 31. axb6 Qc5 32. Qf4+ Bd6 33. Qd2 exd3
34. Qa2 Bxg3+ 35. Kd2 Bf4+ 36. Nxf4 Rxg2+ 37. Nxg2 Rxg2+ {alkhateeb resigns}
0-1

[Event "ICS rated blitz match"]
[Site "204.178.125.65"]
[Date "2000.10.24"]
[Round "?"]
[White "Pietari"]
[Black "Hossa"]
[Result "1-0"]
[WhiteElo "2683"]
[BlackElo "2578"]
[PlyCount "79"]
[EventDate "2000.??.??"]

1. e4 d5 2. exd5 Qxd5 3. Nc3 Qd6 4. Nf3 Nc6 5. d4 Nf6 6. Bc4 Qb4 7. Bb5 Nd5 8.
Qd3 a6 9. Bxc6+ bxc6 10. a3 Qb7 11. O-O Nxc3 12. Qxc3 Be6 13. Re1 Bd5 14. Ne5
e6 15. Qe3 c5 16. c4 cxd4 17. Qf4 f6 18. cxd5 Qxd5 19. Nd3 O-O-O 20. Qd2 e5 21.
Qc2 Rd7 22. Bd2 g6 23. Rac1 Kb8 24. f3 h6 25. Re4 Qf7 26. Qa4 Rd6 27. Ba5 c5
28. Rxc5 Rd7 29. Rcxe5 Bd6 30. Re6 f5 31. Re1 Kb7 32. Rxd6 Rxd6 33. Qb4+ Ka8
34. Qxd6 Qc4 35. Nc5 Rc8 36. Bb6 Qg8 37. Re7 Rc7 38. Qxc7 Qb8 39. Qxb8+ Kxb8
40. Re8# {Hossa checkmated} 1-0

[Event "ICS rated blitz match"]
[Site "204.178.125.65"]
[Date "2000.10.24"]
[Round "?"]
[White "Hossa"]
[Black "Pietari"]
[Result "0-1"]
[WhiteElo "2567"]
[BlackElo "2694"]
[PlyCount "116"]
[EventDate "2000.??.??"]

1. e4 e5 2. Nf3 Nf6 3. Nxe5 Qe7 4. Nf3 Qxe4+ 5. Be2 Be7 6. Nc3 Qf5 7. O-O O-O
8. d4 d6 9. Re1 Re8 10. d5 Qh5 11. h3 Bd7 12. Nd4 Qh4 13. Qd3 g6 14. Nf3 Qb4
15. a3 Qb6 16. Be3 c5 17. dxc6 Qxc6 18. Nd4 Qc8 19. Ndb5 Bf5 20. Qd1 Qd7 21.
Nxa7 Nc6 22. Nab5 d5 23. Qd2 Ne5 24. Bh6 Rac8 25. Rad1 Nc4 26. Qc1 Bd8 27. g4
Be6 28. Na7 Rc7 29. Ncb5 Rc5 30. b4 Rxb5 31. Bxc4 Rb6 32. Qf4 Qa4 33. Nb5 Rxb5
34. Bxb5 Qxb5 35. Bg5 Nd7 36. Bxd8 Rxd8 37. Qd6 Qb6 38. Qf4 Rc8 39. Re2 Rc4 40.
Qg5 Qa6 41. Qd8+ Nf8 42. Re3 Rxc2 43. Qg5 Ra2 44. Qf6 Rxa3 45. b5 Qa4 46. Rd4
Ra1+ 47. Kh2 Qxb5 48. Rdd3 Qb1 49. Kg2 Qh1+ 50. Kg3 g5 51. Qxg5+ Ng6 52. Qd8+
Kg7 53. Re1 Rxe1 54. Qf6+ Kxf6 55. Rf3+ Ke7 56. Rxf7+ Kxf7 57. f4 Qg1+ 58. Kf3
Nh4# {Hossa checkmated} 0-1

[Event "ICS rated blitz match"]
[Site "204.178.125.65"]
[Date "2000.10.24"]
[Round "?"]
[White "QueenMaxima"]
[Black "Hossa"]
[Result "1-0"]
[WhiteElo "2474"]
[BlackElo "2557"]
[PlyCount "151"]
[EventDate "2000.??.??"]

1. e4 c5 2. d4 cxd4 3. Qxd4 Nc6 4. Qd1 Nf6 5. Nc3 e6 6. Be3 Bb4 7. Qd3 O-O 8.
Nge2 Ng4 9. O-O-O d6 10. h3 Nce5 11. Qd4 Nxe3 12. Qxe3 Bd7 13. Nd4 Rc8 14. Ndb5
Bxb5 15. Nxb5 a6 16. Nd4 Qc7 17. Be2 a5 18. c3 Bc5 19. Bb5 Nc6 20. Bxc6 bxc6
21. Qe2 Qb6 22. Rd3 d5 23. Rhd1 Rb8 24. R3d2 a4 25. Kb1 Rb7 26. Nf3 a3 27. b3
Rc8 28. Nd4 Rcb8 29. f4 Kh8 30. g3 Kg8 31. exd5 exd5 32. Nf5 Bf8 33. Re1 g6 34.
Nd4 Bd6 35. Qf2 Re7 36. Rde2 Rxe2 37. Qxe2 c5 38. Nc2 c4 39. b4 Qc6 40. Nxa3
Qa6 41. Nc2 Qb5 42. Rd1 Rd8 43. Qf2 Ra8 44. Qf3 Qa4 45. Qxd5 Qxa2+ 46. Kc1 Be7
47. Rd4 Bf6 48. Rxc4 Rd8 49. Qe4 Qb3 50. Qc6 Rd3 51. Qe8+ Kg7 52. Rc8 Kh6 53.
g4 Rxc3 54. g5+ Bxg5 55. fxg5+ Kh5 56. Qe2+ Rf3 57. Rh8 Kxg5 58. Qd2+ Rf4 59.
h4+ Kg4 60. Qg2+ Kf5 61. Qg5+ Ke4 62. Re8+ Qe6 63. Rxe6+ fxe6 64. Qe7 Kf5 65.
Qxh7 Kf6 66. Qh8+ Kf5 67. Qh6 Rf1+ 68. Kd2 Rf2+ 69. Ke3 Kf6 70. Qg5+ Kg7 71.
Kxf2 Kf7 72. Nd4 Kg7 73. Qe7+ Kh6 74. Nxe6 g5 75. Qg7+ Kh5 76. Qxg5# {
Hossa checkmated} 1-0

[Event "ICS rated standard match"]
[Site "204.178.125.65"]
[Date "2000.10.24"]
[Round "?"]
[White "Hossa"]
[Black "alkhateeb"]
[Result "1-0"]
[WhiteElo "2430"]
[BlackElo "2203"]
[PlyCount "83"]
[EventDate "2000.??.??"]

1. e4 c5 2. Nf3 e6 3. d4 cxd4 4. Nxd4 Nc6 5. Nc3 Qc7 6. Be2 a6 7. O-O Nf6 8.
Kh1 Nxd4 9. Qxd4 Bc5 10. Qd3 b5 11. Bf3 Rb8 12. Bg5 d6 13. Bxf6 gxf6 14. Ne2
Qb6 15. Qc3 Ke7 16. Kg1 a5 17. Qd2 h5 18. Nf4 h4 19. Rfd1 Bb7 20. Nd3 Qc7 21.
a4 b4 22. Nxc5 dxc5 23. Qe2 Rbd8 24. h3 c4 25. Qe3 Rxd1+ 26. Rxd1 Rd8 27. Rxd8
Kxd8 28. Qh6 Ke7 29. Qxh4 Qe5 30. Qg3 b3 31. Qxe5 fxe5 32. c3 Kf6 33. Be2 Ba6
34. h4 Kg6 35. g4 f5 36. Kh2 f4 37. h5+ Kh6 38. Kh3 Kg5 39. f3 Kh6 40. Kh4 Kg7
41. Kg5 Kf7 42. Kh6 {alkhateeb resigns} 1-0

[Event "ICS rated blitz match"]
[Site "204.178.125.65"]
[Date "2000.10.24"]
[Round "?"]
[White "trinity"]
[Black "Hossa"]
[Result "1/2-1/2"]
[WhiteElo "2265"]
[BlackElo "2537"]
[PlyCount "146"]
[EventDate "2000.??.??"]

1. e4 e5 2. Nf3 Nf6 3. Nxe5 Qe7 4. d4 d6 5. Nf3 Qxe4+ 6. Be2 Bf5 7. c4 Be7 8.
O-O O-O 9. Nc3 Qc6 10. d5 Qd7 11. Nd4 Bg6 12. Re1 Na6 13. Bd3 Bxd3 14. Qxd3
Rfe8 15. Bf4 Qc8 16. Re2 Nh5 17. Bd2 Qg4 18. Rae1 Nc5 19. Qf3 Qxd4 20. Nb5 Qxc4
21. Nxc7 Nf6 22. Nxa8 Nxd5 23. Nc7 Nxc7 24. Rxe7 Rxe7 25. Rxe7 Qxa2 26. Be1 h5
27. Rxc7 Qe6 28. Bc3 Qg6 29. h3 a5 30. Bxa5 b5 31. Qd5 Ne6 32. Rc8+ Kh7 33.
Qxd6 Qb1+ 34. Kh2 Qf5 35. Bb6 h4 36. Be3 Qe4 37. Qb8 b4 38. b3 g5 39. Rh8+ Kg7
40. Qg8+ Kf6 41. Rh6+ Ke5 42. Qxf7 Qf5 43. Qxf5+ Kxf5 44. Rxe6 Kxe6 45. Bxg5
Ke5 46. Bxh4 Ke4 47. Be7 Kd4 48. Bxb4 Kd3 49. h4 Ke4 50. h5 Kf5 51. h6 Kg6 52.
Bd2 Kf6 53. g4 Kg6 54. b4 Kf7 55. b5 Ke6 56. b6 Kd7 57. b7 Kc7 58. h7 Kxb7 59.
h8=Q Kc6 60. Qd4 Kb5 61. Qc3 Kb6 62. Be3+ Kb7 63. Qc5 Kb8 64. Bf4+ Kb7 65. Qc7+
Ka6 66. Qb8 Ka5 67. Bd2+ Ka6 68. Qb4 Ka7 69. Be3+ Ka8 70. Qc5 Kb8 71. Qd6+ Kb7
72. Qd7+ Kb8 73. Qa7+ Kc8 {
trinity ran out of time and Hossa has no material to mate} 1/2-1/2

[Event "ICS rated standard match"]
[Site "204.178.125.65"]
[Date "2000.10.24"]
[Round "?"]
[White "alkhateeb"]
[Black "Hossa"]
[Result "1-0"]
[WhiteElo "2192"]
[BlackElo "2437"]
[PlyCount "89"]
[EventDate "2000.??.??"]

1. d4 e6 2. Nf3 Nf6 3. Bg5 c5 4. c3 cxd4 5. cxd4 Nc6 6. Nc3 Qb6 7. Rb1 d5 8.
Bxf6 gxf6 9. e3 Bd7 10. Bd3 Nb4 11. O-O Rc8 12. Re1 Bh6 13. Bf1 Qc7 14. a3 Nc6
15. e4 Ne7 16. exd5 Nf5 17. dxe6 fxe6 18. d5 e5 19. Nxe5 fxe5 20. Qh5+ Kd8 21.
Bd3 e4 22. Nxe4 Qf4 23. g3 Ng7 24. Qd1 Qf8 25. d6 Ne8 26. Bf1 a6 27. Qb3 Rc6
28. Qxb7 Nxd6 29. Qb8+ Nc8 30. Rbd1 Rb6 31. Bh3 Qf7 32. Qa8 Rb5 33. Nf6 Bf4 34.
Rxd7+ Qxd7 35. Bxd7 Rb8 36. Qxa6 Nb6 37. gxf4 Nxd7 38. Qd6 Rb7 39. Re7 Kc8 40.
Nxd7 Rg8+ 41. Kf1 Rc7 42. Nb6+ Kb7 43. Rxc7+ Ka6 44. Nc4+ Kb5 45. Qc6# {
Hossa checkmated} 1-0

[Event "ICS rated standard match"]
[Site "204.178.125.65"]
[Date "2000.10.30"]
[Round "?"]
[White "Hossa"]
[Black "Esen"]
[Result "1-0"]
[WhiteElo "2411"]
[BlackElo "1904"]
[PlyCount "51"]
[EventDate "2000.??.??"]

1. e4 c6 2. d4 g6 3. f4 Bg7 4. Nf3 d5 5. e5 Bg4 6. h3 Bxf3 7. Qxf3 e6 8. Bd3
Ne7 9. O-O Nf5 10. Qf2 Qh4 11. Qxh4 Nxh4 12. Be3 Nf5 13. Bf2 Nd7 14. Nd2 O-O
15. g4 Ne7 16. Nf3 b5 17. Bh4 Nc8 18. f5 Re8 19. fxe6 fxe6 20. Ng5 Ncb6 21. Rf2
h6 22. Nf7 g5 23. Bg3 Rf8 24. Raf1 a5 25. h4 a4 26. hxg5 {Esen resigns} 1-0

[Event "ICS rated blitz match"]
[Site "204.178.125.65"]
[Date "2000.10.30"]
[Round "?"]
[White "Hossa"]
[Black "Amateur"]
[Result "1-0"]
[WhiteElo "2527"]
[BlackElo "2623"]
[PlyCount "89"]
[EventDate "2000.??.??"]

1. d4 Nf6 2. c4 e6 3. Nf3 b6 4. g3 Bb7 5. Bg2 Be7 6. O-O O-O 7. Nc3 Ne4 8. Nxe4
Bxe4 9. Nh4 Bxg2 10. Nxg2 Nc6 11. d5 Na5 12. b3 Bf6 13. Rb1 Re8 14. Ba3 exd5
15. cxd5 c6 16. d6 Re5 17. Nf4 Bg5 18. Nd3 Re6 19. f4 Bf6 20. Nf2 c5 21. f5 Re8
22. Ng4 Bd4+ 23. e3 Bxe3+ 24. Nxe3 Rxe3 25. f6 g6 26. Qd2 Re6 27. Rbe1 Rxf6 28.
Rxf6 Qxf6 29. Bb2 Qd8 30. Qc3 f6 31. Re7 Qf8 32. Qf3 Nc6 33. Qd5+ Kh8 34. Rf7
Nd4 35. Rxf8+ Rxf8 36. Qb7 Re8 37. Bxd4 cxd4 38. Qxd7 Re1+ 39. Kf2 Rc1 40. Qe8+
Kg7 41. Qe7+ Kh6 42. d7 Rc2+ 43. Kf3 Rc7 44. d8=Q Rxe7 45. Qxe7 {
Amateur resigns} 1-0

[Event "ICS rated blitz match"]
[Site "204.178.125.65"]
[Date "2000.10.30"]
[Round "?"]
[White "Amateur"]
[Black "Hossa"]
[Result "0-1"]
[WhiteElo "2603"]
[BlackElo "2547"]
[PlyCount "168"]
[EventDate "2000.??.??"]

1. e4 e5 2. Nf3 Nf6 3. Nxe5 Qe7 4. d4 d6 5. Nf3 Qxe4+ 6. Be2 Bf5 7. Na3 Nc6 8.
O-O O-O-O 9. Ng5 Qe7 10. Bb5 h6 11. Re1 Qd7 12. d5 Nxd5 13. Qxd5 hxg5 14. Bxc6
bxc6 15. Qa5 Kb7 16. Bxg5 Rb8 17. Be3 Ra8 18. Bd4 c5 19. Be3 c6 20. Qc3 Re8 21.
Bg5 d5 22. Qb3+ Ka8 23. Rxe8+ Qxe8 24. Qa4 c4 25. Rb1 Bc5 26. Bd2 Bd7 27. Qa5
Bb6 28. Qc3 Qe2 29. Be3 Qh5 30. Bf4 Qg4 31. Bg3 Re8 32. Re1 Re2 33. Kf1 Re6 34.
Rxe6 Bxe6 35. Qe1 d4 36. b4 c3 37. f3 Qg5 38. Be5 Bc8 39. h4 Qh6 40. f4 Ba6+
41. b5 cxb5 42. Qe4+ Bb7 43. Bxg7 Bxe4 44. Bxh6 d3 45. cxd3 Bxd3+ 46. Ke1 Bc5
47. Nxb5 c2 48. f5 Bb4+ 49. Kf2 Bxb5 50. Bc1 Kb7 51. h5 Bc5+ 52. Kg3 Bd6+ 53.
Kh3 Bc4 54. a3 Bd3 55. Kg4 Be4 56. g3 Kc6 57. h6 Be5 58. h7 Kb5 59. Kg5 Kc4 60.
g4 Kd3 61. Kh6 Ke2 62. Bg5 Bh8 63. Kh5 a5 64. Kh6 Bb2 65. a4 Kd1 66. Be3 c1=Q
67. Bxc1 Kxc1 68. Kh5 Kc2 69. Kh6 Be5 70. Kg5 Kb3 71. h8=Q Bxh8 72. Kf4 Bc2 73.
Ke3 Be5 74. Kd2 Bd4 75. Ke1 Kxa4 76. Ke2 Kb3 77. Ke1 a4 78. Ke2 a3 79. Kf3 a2
80. Kg3 a1=Q 81. Kh4 Bf2+ 82. Kg5 Bg3 83. f6 Qc1+ 84. Kh5 Bg6# {
Amateur checkmated} 0-1

[Event "ICS rated blitz match"]
[Site "204.178.125.65"]
[Date "2000.10.30"]
[Round "?"]
[White "Hossa"]
[Black "Amateur"]
[Result "0-1"]
[WhiteElo "2566"]
[BlackElo "2584"]
[PlyCount "128"]
[EventDate "2000.??.??"]

1. e4 e5 2. Nf3 Nc6 3. d4 exd4 4. Nxd4 Nf6 5. Nc3 Bb4 6. Nxc6 bxc6 7. Qd4 Qe7
8. Bd2 Bxc3 9. Qxc3 Qxe4+ 10. Qe3 Qxe3+ 11. Bxe3 O-O 12. Kd2 Re8 13. f3 a5 14.
Bd4 Nd5 15. c4 Ne7 16. Bd3 d6 17. Rhe1 Be6 18. b3 a4 19. Kc3 Ra5 20. bxa4 c5
21. Bf2 Rxa4 22. Kb3 Rea8 23. a3 Rb8+ 24. Kc3 Nc6 25. h3 Na5 26. Re4 Nb3 27.
Rd1 Rxa3 28. Kb2 Ra4 29. Rh4 Na5+ 30. Kc3 Ra2 31. Bxh7+ Kf8 32. Bc2 Ra3+ 33.
Kd2 Nxc4+ 34. Ke1 Rb2 35. Bd3 Ne5 36. Be4 Bc4 37. Bf5 Re2+ 38. Kf1 Raa2 39.
Rh8+ Ke7 40. Bh4+ f6 41. Bd3 Nxd3 42. Ra8 Rf2+ 43. Bxf2 Nxf2+ 44. Kg1 Nxd1 45.
Rxa2 Bxa2 46. Kf1 Ne3+ 47. Kf2 Nc4 48. h4 Ke6 49. g4 Ke5 50. Kg3 d5 51. h5 Kd4
52. f4 Nd2 53. g5 Ne4+ 54. Kg4 fxg5 55. fxg5 Nxg5 56. h6 gxh6 57. Kf5 c4 58.
Kf6 c3 59. Kf5 c2 60. Kg6 c1=Q 61. Kxh6 Ne6+ 62. Kg6 Qf4 63. Kh7 Bb1+ 64. Kg8
Qf8# {Hossa checkmated} 0-1

[Event "ICS rated blitz match"]
[Site "204.178.125.65"]
[Date "2000.10.30"]
[Round "?"]
[White "delilah13"]
[Black "Hossa"]
[Result "0-1"]
[WhiteElo "2167"]
[BlackElo "2551"]
[PlyCount "74"]
[EventDate "2000.??.??"]

1. d4 c6 2. c4 Nf6 3. Nc3 d6 4. e4 Nbd7 5. Be3 e5 6. d5 Be7 7. Bd3 O-O 8. f3
Nc5 9. Nge2 Nxd3+ 10. Qxd3 Nh5 11. O-O Bd7 12. Rfd1 Qa5 13. a3 Rfe8 14. b4 Qa6
15. g4 Nf4 16. Nxf4 exf4 17. Bxf4 Qb6+ 18. Be3 Qc7 19. Bd4 Red8 20. Rac1 Bh4
21. Bf2 Bxf2+ 22. Kxf2 c5 23. b5 Qa5 24. a4 Re8 25. h4 Qd8 26. Rh1 Qf6 27. Kg2
h5 28. g5 Qd8 29. Ne2 a6 30. Ng3 g6 31. Ra1 Qa5 32. Rhb1 axb5 33. axb5 Qxa1 34.
Rxa1 Rxa1 35. f4 Ra2+ 36. Kf3 Rea8 37. Ne2 Bg4+ {delilah13 resigns} 0-1

[Event "ICS rated blitz match"]
[Site "204.178.125.65"]
[Date "2000.10.30"]
[Round "?"]
[White "Hossa"]
[Black "delilah13"]
[Result "1-0"]
[WhiteElo "2554"]
[BlackElo "2164"]
[PlyCount "57"]
[EventDate "2000.??.??"]

1. e4 e6 2. Nf3 c6 3. Be2 d5 4. exd5 exd5 5. O-O Nf6 6. Re1 Be7 7. d4 h6 8. Bf4
Be6 9. Ne5 Nbd7 10. c4 O-O 11. Qb3 dxc4 12. Qxb7 Rb8 13. Qxa7 Nxe5 14. dxe5 Nd5
15. Bc1 Bg5 16. Bxg5 Qxg5 17. Qd4 Nf4 18. g3 Nh3+ 19. Kf1 Rfd8 20. Qc3 Qf5 21.
f4 Nxf4 22. gxf4 Qxf4+ 23. Kg2 Bd5+ 24. Kg1 Qe4 25. Qg3 Qd4+ 26. Kf1 Rxb2 27.
Nc3 Re8 28. Rad1 Qxe5 29. Bf3 {delilah13 resigns} 1-0

[Event "ICS rated blitz match"]
[Site "204.178.125.65"]
[Date "2000.10.30"]
[Round "?"]
[White "kondor"]
[Black "Hossa"]
[Result "0-1"]
[WhiteElo "1993"]
[BlackElo "2557"]
[PlyCount "52"]
[EventDate "2000.??.??"]

1. e4 e5 2. Nf3 Nc6 3. Bb5 a6 4. Ba4 Nf6 5. d3 d6 6. O-O b5 7. Bb3 Na5 8. c3
Nxb3 9. Qxb3 Be7 10. h3 O-O 11. Re1 Be6 12. Qc2 Nd7 13. Nbd2 a5 14. Nf1 f5 15.
exf5 Rxf5 16. Ng3 Rf8 17. d4 Bd5 18. Ne4 Qe8 19. Bg5 Rd8 20. Bxe7 Qxe7 21. dxe5
Nxe5 22. Nxe5 Qxe5 23. Ng3 Qf6 24. Rad1 Qf7 25. b3 a4 26. Qd3 Qxf2+ {
kondor resigns} 0-1

[Event "ICS rated blitz match"]
[Site "204.178.125.65"]
[Date "2000.10.30"]
[Round "?"]
[White "Hossa"]
[Black "kondor"]
[Result "1-0"]
[WhiteElo "2558"]
[BlackElo "1992"]
[PlyCount "79"]
[EventDate "2000.??.??"]

1. e4 c6 2. d4 d5 3. Nc3 dxe4 4. Nxe4 Bf5 5. Ng3 g6 6. Nxf5 Qa5+ 7. Bd2 Qxf5 8.
Bd3 Qc8 9. Nf3 Bg7 10. O-O Nf6 11. Qe2 Qc7 12. Rfe1 e6 13. Qe5 Qxe5 14. dxe5
Nfd7 15. Rad1 O-O 16. b4 h6 17. Re4 Nb6 18. Rh4 h5 19. Rd4 N8d7 20. Re4 Rad8
21. Bg5 Rc8 22. c4 Rfe8 23. a3 Nf8 24. Re2 Nh7 25. Bf4 Bf8 26. h4 Be7 27. Bh6
Red8 28. Red2 c5 29. b5 Na8 30. a4 b6 31. Bc2 Nc7 32. Rd7 Nf8 33. Rxe7 Rxd1+
34. Bxd1 Nd5 35. cxd5 exd5 36. Ng5 c4 37. Nxf7 c3 38. Nd6 c2 39. Rg7+ Kh8 40.
Nf7# {kondor checkmated} 1-0

[Event "ICS rated blitz match"]
[Site "204.178.125.65"]
[Date "2000.10.30"]
[Round "?"]
[White "Hossa"]
[Black "kondor"]
[Result "1-0"]
[WhiteElo "2560"]
[BlackElo "1990"]
[PlyCount "105"]
[EventDate "2000.??.??"]

1. e4 c6 2. d4 d5 3. Nc3 dxe4 4. Nxe4 Bf5 5. Ng3 g6 6. Nxf5 Qa5+ 7. Bd2 Qxf5 8.
Bd3 Qe6+ 9. Ne2 Bg7 10. O-O Nf6 11. Re1 Qg4 12. c3 O-O 13. Ng3 Qxd1 14. Raxd1
e6 15. Bc4 Nbd7 16. Bf4 Rfc8 17. Bg5 h6 18. Bd2 c5 19. dxc5 Nxc5 20. Bb5 a6 21.
Be2 Rd8 22. Be3 Nce4 23. Nxe4 Nxe4 24. Bf3 Rxd1 25. Rxd1 Nf6 26. g3 Rb8 27. Bf4
e5 28. Bxe5 Re8 29. Bxf6 Bxf6 30. Bxb7 Re2 31. Rb1 a5 32. Kf1 Rd2 33. Ke1 Rd7
34. Bf3 Rc7 35. Rd1 a4 36. Rd6 Be7 37. Rd3 Bf6 38. Kd2 a3 39. bxa3 Ra7 40. Bd5
Rxa3 41. Bb3 Ra7 42. a4 Kf8 43. h4 Ke7 44. f4 g5 45. fxg5 hxg5 46. h5 g4 47.
Re3+ Be5 48. Rxe5+ Kf6 49. Rd5 Re7 50. a5 Kg7 51. Bd1 Ra7 52. Bxg4 Kh6 53. Be2
{kondor resigns} 1-0

[Event "ICS rated blitz match"]
[Site "204.178.125.65"]
[Date "2000.10.31"]
[Round "?"]
[White "kondor"]
[Black "Hossa"]
[Result "0-1"]
[WhiteElo "1989"]
[BlackElo "2561"]
[PlyCount "37"]
[EventDate "2000.??.??"]

1. e4 e5 2. Nf3 Nc6 3. Bb5 a6 4. Ba4 Nf6 5. O-O b5 6. Bb3 Nxe4 7. d4 exd4 8.
Re1 d5 9. Bxd5 Qxd5 10. Nc3 Qd7 11. Nxe4 Be7 12. Ne5 Nxe5 13. Nc5 Qd5 14. Bf4
Ng6 15. Nd3 c5 16. Be5 Bb7 17. Qg4 O-O 18. Nf4 Nxe5 19. Nh5 {kondor resigns}
0-1

[Event "ICS rated standard match"]
[Site "204.178.125.65"]
[Date "2000.10.31"]
[Round "?"]
[White "MasterMart"]
[Black "Hossa"]
[Result "0-1"]
[WhiteElo "1976"]
[BlackElo "2415"]
[PlyCount "43"]
[EventDate "2000.??.??"]

1. d4 c6 2. e4 g6 3. c4 d5 4. Nc3 dxe4 5. Nxe4 Bg7 6. Nf3 Bg4 7. Be3 Bxf3 8.
gxf3 Na6 9. Qd2 Qd7 10. h4 f5 11. Ng5 h6 12. Nh3 e5 13. O-O-O exd4 14. Bxd4
Bxd4 15. Qxd4 Qxd4 16. Rxd4 Ne7 17. Bd3 Kf7 18. Rd1 Nc5 19. Bc2 Ne6 20. Rd7
Rab8 21. Bb3 Nc5 22. Bc2 {MasterMart resigns} 0-1

[Event "ICS rated blitz match"]
[Site "204.178.125.65"]
[Date "2000.10.31"]
[Round "?"]
[White "Hossa"]
[Black "PabloZelig"]
[Result "1-0"]
[WhiteElo "2562"]
[BlackElo "2113"]
[PlyCount "31"]
[EventDate "2000.??.??"]

1. e4 c5 2. d4 cxd4 3. Qxd4 b6 4. Bc4 Bb7 5. Bg5 d6 6. Bd5 Qc8 7. Bxb7 Qxb7 8.
Ne2 Nd7 9. Nbc3 e6 10. f3 Ngf6 11. O-O-O Be7 12. Nb5 d5 13. exd5 Nxd5 14. Qxg7
Bxg5+ 15. Kb1 Qc6 16. Ned4 {PabloZelig resigns} 1-0